| 000 | 00543nam a2200205Ia 4500 | ||
|---|---|---|---|
| 003 | OSt | ||
| 005 | 20230411095839.0 | ||
| 008 | 210423s2009 xx 000 0 und d | ||
| 020 | _a9788180520945 | ||
| 040 | _cAL | ||
| 041 | _aeng | ||
| 082 | _a658.3 DEBT | ||
| 100 |
_aDEB (Tapomoy). _985853 |
||
| 245 | _aHuman resource development: theory and practice. | ||
| 260 |
_aNew Delhi _bAne Books _c2009 |
||
| 300 |
_axxi,549 _bPB |
||
| 365 |
_b325 _cINR |
||
| 906 | _adevelopment: ; Human ; practice. ; resource ; theory | ||
| 942 |
_2ddc _cBK |
||
| 999 |
_c158404 _d158404 |
||